| 000 | 00561nam a2200193 u 4500 | ||
|---|---|---|---|
| 005 | 20240910064334.0 | ||
| 008 | 091119s2009 r 000 0 eng d | ||
| 020 | _a9789701514290 | ||
| 035 | _aUPN01000173857 | ||
| 049 | _aCG | ||
| 050 | 4 |
_aLB1060 _bC3.2 |
|
| 100 | 1 |
_aCalero Pérez, Mavilo _934277 |
|
| 245 | 1 | 0 |
_aAprendizajes sin límites : _bconstructivismo / _cMavilo Calero Pérez. |
| 260 |
_aMéxico : _bAlfaomega, _c2009. |
||
| 300 |
_a198 p. : _bil. |
||
| 650 | 4 |
_aAprendizaje _92861 |
|
| 650 | 2 |
_aConstructivismo (Educación) _91516 |
|
| 905 | _aLibro | ||
| 999 |
_c145961 _d145961 |
||